000 00761cam a22002531 4500
001 26534
003 BD-RjUL
005 20211209051030.0
008 140322t1963 mdub b 001 0 eng
035 _a(BD-RjUL)26604
035 _a(OCoLC)273118
040 _aDLC
_cODaWU
_dOCoLC
_dDLC
_dBD-RjUL
_beng
041 _aeng
082 0 0 _a943.155
_bSMD 1963
100 1 _aSmith, Jean Edward.
_981618
245 1 4 _aThe defense of Berlin /
_cJean Edward smith
260 _aBaltimore :
_bJohns Hopkins Press,
_c1963.
300 _aix, 431 p. :
_bill. fold. maps. ;
_c24 cm.
504 _aIncludes bibliographical reference and index.
651 0 _aBerlin (Germany)
_xHistory
_y1945-1990.
_979214
942 _2ddc
_cBK
999 _c26534
_d26534